00430nam a2200181Ia 4500003000400000005001700004008004100021020001400062040000700076041000800083082002000091100001700111245003100128260004200159300001600201365001300217650001800230OSt20230425165152.0210423s2000 xx 000 0 und d a195645898 cAL aeng a582.160954 SAHK aSAHNI (K C). aText book of Indian trees. aMumbaibOxford University Pressc2000 axii,230bPB b275cINR aSpermatophyta